000 00704nam a2200181Ia 4500
008 100917s9999 xx 000 0 und d
082 _b54363
100 _aशेळके शांता - संपा.
245 _aरत्नाकर मतकरी यांच्या निवडक गुढकथा
260 _bमीनल प्रकाशन
_c1982
300 _a242
365 _b16
520 _aकथा
630 _aरत्नाकर मतकरी यांच्या निवडक गुढकथा
650 _aकथा
730 _aरत्नाकर मतकरी यांच्या निवडक गुढकथा
942 _cBOOK
999 _c659757
_d659754